000 01407cab a2200277 4500
001 ABS52125
008 090401t1995 xxu||||| |||| 00| 0 eng d
035 _a(Sirsi) u62349
041 _aeng
100 _aManning, J.
245 _aHousing update
260 _c1995
350 _a0
490 _aGuardian Gazette
_v92(3) 18 January 1995, 35-36(2)
520 _aReview of recent developments in housing law looking in particular at "R v Tower Hamlets LBC ex parte Khalique" (WB3040-39) which considered the decision making process within local authorities, "R v Brent LBC ex parte Awua" (WB3016-38) and "R v Brent LBC ex parte MacWan" (WB2920-24) which offered guidance as to accommodation which may be capable of being settled, "R v Northavon DC ex parte Palmer" (WB3008-54) which considered the inter-relationship between public and private law duties, "R v Highbury Corner Magistrates Court ex parte Edwards" which considered statutory nuisance and "Habinteg Housing Association v James" (WB3042-48) which dealt with priavte nuisance.
650 _aASSURED SHORTHOLD TENANCIES
650 _aHOUSING ACT 1988
650 _aPRIVATE NUISANCE
650 _aR V ROCHESTER UPON MEDWAY CITY COUNCIL EX P WILLIAMS
650 _aR V TOWER HAMLETS LBC EX P KHATUN
650 _aSETTLED ACCOMMODATION
650 _aSTATUTORY NUISANCE
690 _aHOUSING
942 _n0
948 _c04/03/1997
999 _c38752
_d38752